| 000 | 01112 a2200337 4500 | ||
|---|---|---|---|
| 001 | 63924 | ||
| 999 |
_c63924 _d16891 |
||
| 003 | TR-AnTOB | ||
| 005 | 20200522130924.0 | ||
| 008 | 071002s2006 nyua b 001 0 eng | ||
| 010 | _a2005046678 | ||
| 020 | _a0750307013 (acid-free paper) | ||
| 035 | _a(OCoLC)ocm62679899 | ||
| 040 |
_aDLC _cDLC _dYDX _dBAKER _dDLC |
||
| 041 | _aeng | ||
| 042 | _apcc | ||
| 050 | 0 |
_aQC791.775.P44 _bP43 2006 |
|
| 090 | _aQC791.775.P44 P43 2006 | ||
| 100 |
_aPfalzner, Susanne _936920 |
||
| 245 | 3 |
_aAn introduction to inertial confinement fusion / _cS. Pfalzner. |
|
| 264 | 1 |
_aNew York : _bTaylor & Francis/CRC Press, _cc2006. |
|
| 300 |
_a232 p. : _bill. ; _c25 cm. |
||
| 490 | 0 | _aSeries in plasma physics | |
| 504 | _aIncludes bibliographical references (p. 219-227) and index. | ||
| 650 |
_aInertial confinement fusion _936921 |
||
| 856 | 4 |
_uhttp://www.loc.gov/catdir/toc/fy0610/2005046678.html _3Table of contents only |
|
| 856 | 4 |
_uhttp://www.loc.gov/catdir/enhancements/fy0661/2005046678-d.html _3Publisher description |
|
| 901 | _a0020961 | ||
| 902 | _abs | ||
| 942 | _cBK | ||